|
|
|
|
| LEADER |
01753nam a2200385 i 4500 |
| 001 |
EBC4432364 |
| 003 |
MiAaPQ |
| 005 |
20200520144314.0 |
| 006 |
m o d | |
| 007 |
cr cnu|||||||| |
| 008 |
160715t20152015sz a o 000 0 spa d |
| 020 |
|
|
|z 9789223296506
|
| 020 |
|
|
|a 9789223296513
|q (electronic bk.)
|
| 035 |
|
|
|a (MiAaPQ)EBC4432364
|
| 035 |
|
|
|a (Au-PeEL)EBL4432364
|
| 035 |
|
|
|a (CaPaEBR)ebr11219060
|
| 035 |
|
|
|a (OCoLC)951972513
|
| 040 |
|
|
|a MiAaPQ
|b eng
|e rda
|e pn
|c MiAaPQ
|d MiAaPQ
|
| 050 |
|
4 |
|a HD38.5
|b .T733 2015
|
| 082 |
0 |
|
|a 658.70285
|2 23
|
| 245 |
0 |
0 |
|a Trabajo decente en las cadenas mundiales de suministro.
|
| 264 |
|
1 |
|a [Geneva, Switzerland] :
|b Oficina Internacional del Trabajo,
|c 2015.
|
| 264 |
|
4 |
|c 2015
|
| 300 |
|
|
|a 1 online resource (194 pages) :
|b illustrations (some color).
|
| 336 |
|
|
|a text
|2 rdacontent
|
| 337 |
|
|
|a computer
|2 rdamedia
|
| 338 |
|
|
|a online resource
|2 rdacarrier
|
| 490 |
0 |
|
|a Boletin Internacional deI Investigacion Sindical ;
|v Volume 7, Number 1-2
|
| 588 |
|
|
|a Description based on online resource; title from PDF title page (ebrary, viewed July 11, 2016).
|
| 590 |
|
|
|a Electronic reproduction. Ann Arbor, MI : ProQuest, 2016. Available via World Wide Web. Access may be limited to ProQuest affiliated libraries.
|
| 650 |
|
0 |
|a Business logistics
|x Data processing.
|
| 655 |
|
4 |
|a Electronic books.
|
| 776 |
0 |
8 |
|i Print version:
|t Trabajo decente en las cadenas mundiales de suministro.
|d [Geneva, Switzerland] : Oficina Internacional del Trabajo, c2015
|h 195 pages
|k Boletin Internacional deI Investigacion Sindical ; Volume 7, Number 1-2
|z 9789223296506
|
| 797 |
2 |
|
|a ProQuest (Firm)
|
| 856 |
4 |
0 |
|u https://ebookcentral.proquest.com/lib/matrademy/detail.action?docID=4432364
|z Click to View
|